| 000 | 00420nam a2200157Ia 4500 | ||
|---|---|---|---|
| 008 | 240729s9999 xx 000 0 und d | ||
| 022 | _a1543-8740 | ||
| 245 | 4 | _aThe Sedimentary Record | |
| 260 | _aUnited States | ||
| 260 | _bSociety for Sedimentary Geology (SEPM) | ||
| 650 | _a Geology | ||
| 650 | _aScience | ||
| 856 | _uhttps://doaj.org/toc/8f4edfbada61400e9ac77eaf7109fc03 | ||
| 942 | _2ddc | ||
| 942 | _cDOAJEJ | ||
| 999 |
_c68120 _d68120 |
||
| 945 |
_a1 _bMadushi Gamage _c1 _dMadushi Gamage |
||